| 000 | 01149nam a22002417a 4500 | ||
|---|---|---|---|
| 005 | 20240305165431.0 | ||
| 007 | cr|||| |||| | ||
| 008 | 150811s2015 cu |||||s|||| 00||0 spa d | ||
| 020 | _a978-959-7219-24-8 | ||
| 035 | _a12779 | ||
| 040 | _avLex | ||
| 090 |
_c5516 _d5516 |
||
| 100 | 1 | _aGoite Pierre, Mayda | |
| 245 | 1 | 0 |
_aGlobalización, Delincuencia organizada, Expansionismo penal y Derecho penal económico en el siglo XXI _h[Recurso electrónico] / _cMayda Goite Pierre |
| 256 | _aServicio en línea | ||
| 260 |
_aLa Habana: _bUnión Nacional de Juristas de Cuba, _c2015 |
||
| 300 | _a1 recurso electrónico | ||
| 506 | 1 |
_aDisponible solo en los productos indicados _dvLex Global _dvLex Global (Academic Edition, excluding Law Schools) _dvLex Global (U.S. Academic Edition, Law Schools) _dvLex Global (U.S. Academic Edition, excluding Law Schools) _dvLex Global (Academic Edition, Law Schools) |
|
| 650 | 0 | 4 |
_aDerecho Penal _zCuba |
| 740 | 0 | _avLex Libros (Servicio en línea) | |
| 856 | 4 | 0 | _uhttps://app.vlex.com/#/sources/globalizacion-delincuencia-organizada-expansionismo-penal-derecho-penal-economico-siglo-xxi-12779 |
| 942 | _cRAA | ||
| 999 |
_c163857 _d163857 |
||